[Event "Canadian zt (Women)"]
[Site "Toronto"]
[Date "2024.03.30"]
[Round "4"]
[White "Li, Yilin"]
[Black "Jiang, Kate Yuhua"]
[Result "1/2-1/2"]
[WhiteElo "1897"]
[BlackElo "1882"]
[PlyCount "156"]
[EventDate "2024.03.28"]
[EventType "team-swiss"]
[EventRounds "9"]
[EventCountry "CAN"]
[SourceTitle "CB15_2024"]
[SourceDate "2024.04.10"]
[SourceVersion "1"]
[SourceVersionDate "2024.04.10"]
[SourceQuality "1"]

1. e4 e5 2. Nf3 Nc6 3. Bb5 a6 4. Ba4 Nf6 5. 0-0 Be7 6. Re1 b5 7. Bb3 d6 8. c3 0-0 9. h3 Nb8 10. d4 Nbd7 11. Nbd2 Bb7 12. a4 h6 13. Bc2 Re8 14. Nf1 Bf8 15. Ng3 g6 16. b3 Bg7 17. d5 Nh7 18. Be3 h5 19. axb5 axb5 20. Qe2 Ba6 21. Bd3 h4 22. Bxb5 Bxb5 23. Rxa8 Bxe2 24. Rxd8 Rxd8 25. Nxe2 Rb8 26. b4 f5 27. Nxh4 fxe4 28. g4 Nhf6 29. Rd1 Rb5 30. Nxg6 Kf7 31. Nh4 Rxd5 32. Ra1 Rd3 33. Ra7 Nd5 34. Nf5 Bf8 35. c4 Nxb4 36. Rxc7 Ke6 37. Neg3 d5 38. cxd5+ Nxd5 39. Rc6+ Kf7 40. Nxe4 Be7 41. Ned6+ Bxd6 42. Nxd6+ Kg7 43. Nf5+ Kf7 44. Kg2 N7f6 45. g5 Nh5 46. g6+ Ke8 47. Kf3 Ndf4 48. Ke4 Rb3 49. Kxe5 Rb5+ 50. Ke4 Rb4+ 51. Kf3 Nxh3 52. Rc8+ Kd7 53. Rh8 Ng1+ 54. Kg2 Rg4+ 55. Kf1 Nf6 56. g7 Nf3 57. Ra8 Ke6 58. Ra5 Ng8 59. Ke2 Ne5 60. Nh6 Rxg7 61. Bd4 Nxh6 62. Rxe5+ Kd6 63. Rh5 Rg6 64. Be3 Ng4 65. Ra5 Ke7 66. Bg5+ Kf7 67. f4 Re6+ 68. Kf3 Nf6 69. f5 Rd6 70. Ra7+ Rd7 71. Ra6 Nh7 72. Bf4 Nf6 73. Be5 Ng8 74. Rg6 Rd1 75. Ke2 Rd5 76. Re6 Ne7 77. Rf6+ Kg8 78. Bc3 Rxf5 1/2-1/2

[Event "World ol U16"]
[Site "Eindhoven"]
[Date "2023.08.14"]
[Round "2.13"]
[White "Jiang, Kate Yuhua"]
[Black "Pool, Linda Maria"]
[Result "1-0"]
[WhiteElo "1770"]
[BlackElo "1425"]
[PlyCount "59"]
[EventDate "2023.08.13"]
[EventType "team-swiss"]
[EventRounds "9"]
[EventCountry "NED"]
[SourceTitle "CBM 215 Extra"]
[Source "ChessBase"]
[SourceDate "2023.09.30"]
[SourceVersion "1"]
[SourceVersionDate "2023.09.30"]
[SourceQuality "1"]
[WhiteTeam "Canada"]
[BlackTeam "Estonia"]
[WhiteTeamCountry "CAN"]
[BlackTeamCountry "EST"]

1. e4 e6 2. d4 d5 3. e5 c5 4. c3 Qb6 5. Nf3 Bd7 6. Bd3 Bb5 7. 0-0 Bxd3 8. Qxd3 Nc6 9. dxc5 Bxc5 10. b4 Be7 11. Na3 a6 12. Re1 h5 13. Rb1 Rd8 14. b5 axb5 15. Nxb5 Qa5 16. Bg5 Rc8 17. Bxe7 Kxe7 18. Nd6 Rc7 19. Nxf7 Rh6 20. Nxh6 Nxh6 21. c4 Qxa2 22. Qg6 Nf5 23. Ng5 Nd8 24. cxd5 Qxd5 25. Rbd1 Qc4 26. Rxd8 Kxd8 27. Nxe6+ Kd7 28. Nxc7 Qxc7 29. Qxf5+ Ke8 30. e6 1-0

[Event "Banff op"]
[Site "Banff"]
[Date "2022.11.11"]
[Round "1"]
[White "Jiang, Kate Yuhua"]
[Black "Doknjas, Neil"]
[Result "1-0"]
[WhiteElo "1649"]
[BlackElo "2027"]
[PlyCount "195"]
[EventDate "2022.11.11"]
[EventType "swiss"]
[EventRounds "6"]
[EventCountry "CAN"]
[SourceTitle "CBM 211 Extra"]
[Source "ChessBase"]
[SourceDate "2023.01.31"]
[SourceVersion "1"]
[SourceVersionDate "2023.01.31"]
[SourceQuality "1"]

1. e4 c6 2. d4 d5 3. Nc3 dxe4 4. Nxe4 Nf6 5. Nxf6+ exf6 6. Bd3 Bd6 7. Nf3 0-0 8. 0-0 Bg4 9. Re1 Nd7 10. h3 Bh5 11. Be3 Re8 12. c3 Qc7 13. Rc1 Nf8 14. a3 Qd7 15. Be2 f5 16. Nh4 Bxe2 17. Rxe2 f4 18. Bd2 g5 19. Nf3 Qf5 20. c4 h5 21. Rxe8 Rxe8 22. Nh2 Qg6 23. Bc3 Nd7 24. Qc2 f5 25. Qb3 Bf8 26. c5+ Qe6 27. Qxb7 Qd5 28. Qa6 g4 29. Qf1 Re6 30. Re1 Rg6 31. h4 Bg7 32. Rd1 Nf6 33. Qd3 g3 34. fxg3 Rxg3 35. Qf1 Ng4 36. Nxg4 hxg4 37. Qf2 Bf6 38. Rd2 Qe4 39. Re2 Qd3 40. Qxf4 Qxe2 41. Qxg3 Bxd4+ 42. Bxd4 Qd1+ 43. Kh2 Qxd4 44. Qb8+ Kg7 45. Qc7+ Kg8 46. Qc8+ Kg7 47. Qxf5 a5 48. Qg5+ Kh8 49. Qh6+ Kg8 50. Qg5+ Kh8 51. b3 Qe4 52. h5 g3+ 53. Qxg3 Qf5 54. Qg6 Qe5+ 55. Kh3 Qe3+ 56. g3 Qf3 57. Qe8+ Kh7 58. Qe7+ Kh6 59. Qe6+ Kxh5 60. Qe5+ Kg6 61. Qe8+ Kg7 62. Qd7+ Kh6 63. Qe6+ Kh5 64. Qe8+ Kh6 65. b4 Qf1+ 66. Kg4 Qd1+ 67. Kf5 Qf3+ 68. Ke6 Qd5+ 69. Kf6 Qg5+ 70. Kf7 Qg7+ 71. Ke6 axb4 72. axb4 Qg4+ 73. Ke7 Qe4+ 74. Kd8 Qxb4 75. Qxc6+ Kg7 76. Qc7+ Kg8 77. c6 Qf8+ 78. Kd7 Qf5+ 79. Kd6 Qd3+ 80. Kc5 Qa3+ 81. Kb6 Qb3+ 82. Ka7 Qa3+ 83. Kb8 Qb3+ 84. Kc8 Qa4 85. Qd8+ Kf7 86. Qd7+ Kg6 87. Qe6+ Kg5 88. c7 Qa8+ 89. Kd7 Qa4+ 90. Kd8 Qd4+ 91. Kc8 Qh8+ 92. Kb7 Qb2+ 93. Qb6 Qg2+ 94. Ka7 Qa2+ 95. Kb8 Qd5 96. c8Q Qe5+ 97. Qcc7 Qe8+ 98. Qd8+ 1-0

[Event "World ol U16"]
[Site "Nakhchivan"]
[Date "2022.10.09"]
[Round "8.12"]
[White "Jiang, Kate Yuhua"]
[Black "Thamil Manni, Swetha"]
[Result "1-0"]
[WhiteElo "1670"]
[BlackElo "1428"]
[PlyCount "137"]
[EventDate "2022.10.02"]
[EventType "team-swiss"]
[EventRounds "9"]
[EventCountry "AZE"]
[SourceTitle "CBM 210 Extra"]
[Source "ChessBase"]
[SourceDate "2022.11.30"]
[SourceVersion "1"]
[SourceVersionDate "2022.11.30"]
[SourceQuality "1"]
[WhiteTeam "Canada"]
[BlackTeam "Malaysia"]
[WhiteTeamCountry "CAN"]
[BlackTeamCountry "MAS"]

1. e4 e5 2. Nf3 Nc6 3. Bb5 a6 4. Ba4 Nf6 5. 0-0 b5 6. Bb3 Bc5 7. Re1 d6 8. c3 0-0 9. h3 h6 10. d4 Ba7 11. a4 Bd7 12. Na3 exd4 13. cxd4 Ne7 14. axb5 axb5 15. Qd3 c6 16. Bf4 Bb8 17. g4 d5 18. e5 Ne4 19. Nd2 Nxd2 20. Bxd2 Ng6 21. Bb4 Re8 22. Nc2 Ba7 23. Ra6 Bb6 24. Rxa8 Qxa8 25. Kh2 Qb7 26. Kg3 Bd8 27. Rf1 Bh4+ 28. Kh2 Bg5 29. Ne1 Bf4+ 30. Kg1 Nh4 31. Ng2 Nxg2 32. Kxg2 Qc8 33. Bc2 g6 34. Qf3 Bg5 35. Qg3 Qd8 36. f4 Bh4 37. Qf3 Be7 38. Bxe7 Qxe7 39. f5 gxf5 40. gxf5 Qg5+ 41. Kh1 Kh8 42. Rg1 Qd2 43. Qg3 Qg5 44. Qxg5 hxg5 45. Rxg5 Rg8 46. h4 Rxg5 47. hxg5 Kg8 48. b4 Kf8 49. Kh2 Kg8 50. Kg3 Kf8 51. Kh4 Kg8 52. Kh5 Be8 53. Kh6 Bd7 54. g6 fxg6 55. fxg6 Be6 56. g7 Kf7 57. Bh7 Ke7 58. g8Q Bxg8 59. Bxg8 Kd7 60. Kg6 Ke7 61. Bf7 c5 62. bxc5 b4 63. Bxd5 b3 64. Bxb3 Kd7 65. e6+ Ke7 66. d5 Ke8 67. d6 Kd8 68. e7+ Ke8 69. Ba4# 1-0

[Event "Canadian op"]
[Site "Regina"]
[Date "2019.07.18"]
[Round "9"]
[White "Wolchock, Theo"]
[Black "Jiang, Kate Yuhua"]
[Result "1-0"]
[WhiteElo "2032"]
[BlackElo "1463"]
[PlyCount "191"]
[EventDate "2019.07.12"]
[EventType "swiss"]
[EventRounds "9"]
[EventCountry "CAN"]
[SourceTitle "EXT 2020"]
[Source "ChessBase"]
[SourceDate "2019.10.17"]
[SourceVersion "1"]
[SourceVersionDate "2019.10.17"]
[SourceQuality "1"]

1. e4 e5 2. Nf3 Nc6 3. Bb5 a6 4. Ba4 Nf6 5. Qe2 b5 6. Bb3 Bc5 7. d3 d6 8. 0-0 h6 9. c3 0-0 10. Be3 Bxe3 11. fxe3 Re8 12. Nbd2 d5 13. exd5 Nxd5 14. Qf2 Nf6 15. d4 exd4 16. exd4 Be6 17. Bxe6 Rxe6 18. Nh4 Qd7 19. Rae1 Rae8 20. Rxe6 Qxe6 21. Nf5 Ne7 22. Nxh6+ gxh6 23. Qxf6 Ng6 24. Qxe6 Rxe6 25. g3 Ne7 26. Kf2 Nd5 27. Re1 Rf6+ 28. Ke2 Nb6 29. Rc1 Re6+ 30. Kd3 Nd5 31. Ne4 a5 32. Rf1 Kg7 33. Rf5 c6 34. g4 Kg6 35. Rf1 Nb6 36. Nc5 Re7 37. Ne4 Re6 38. Rf2 Nd5 39. h3 Nb6 40. h4 Nd5 41. Rf1 Nb6 42. Rf5 Nd5 43. Rf2 Nb6 44. g5 hxg5 45. hxg5 Nc4 46. b3 Nb6 47. Nc5 Re7 48. Rf6+ Kxg5 49. Rxc6 Nd5 50. Ne4+ Kg4 51. Nf6+ Nxf6 52. Rxf6 Kg5 53. Rb6 b4 54. cxb4 axb4 55. Rxb4 f5 56. Rb5 Kf6 57. Re5 Rd7 58. Re2 Rf7 59. Ke3 Rd7 60. Rd2 Kg5 61. Kf3 f4 62. d5 Rd6 63. Rd4 Kf5 64. Rxf4+ Ke5 65. Re4+ Kxd5 66. Ke3 Kc5 67. Rc4+ Kb5 68. Rd4 Rh6 69. a4+ Ka5 70. Kd3 Rc6 71. Rc4 Rh6 72. Kc3 Rh3+ 73. Kb2 Rh1 74. Ka3 Ra1+ 75. Kb2 Rh1 76. Rg4 Rf1 77. Rg5+ Ka6 78. Ka3 Rf4 79. Rh5 Rg4 80. Rh6+ Kb7 81. a5 Rg1 82. Ka4 Rf1 83. b4 Ra1+ 84. Kb5 Rg1 85. Rh7+ Kb8 86. a6 Rg5+ 87. Kb6 Rg6+ 88. Ka5 Ka8 89. Rh8+ Ka7 90. Rh7+ Ka8 91. b5 Rf6 92. Rh8+ Ka7 93. b6+ Rxb6 94. Rh7+ Ka8 95. Kxb6 Kb8 96. Rh8# 1-0

[Event "Canadian op"]
[Site "Regina"]
[Date "2019.07.14"]
[Round "4"]
[White "Jiang, Kate Yuhua"]
[Black "Boron, Anthony"]
[Result "1/2-1/2"]
[WhiteElo "1463"]
[BlackElo "1854"]
[PlyCount "79"]
[EventDate "2019.07.12"]
[EventType "swiss"]
[EventRounds "9"]
[EventCountry "CAN"]
[SourceTitle "EXT 2020"]
[Source "ChessBase"]
[SourceDate "2019.10.17"]
[SourceVersion "1"]
[SourceVersionDate "2019.10.17"]
[SourceQuality "1"]

1. e4 c5 2. c3 e6 3. d4 d5 4. exd5 Qxd5 5. Nf3 Nf6 6. Be2 Nc6 7. Bf4 a6 8. 0-0 Be7 9. Be3 Ng4 10. c4 Qd8 11. Nc3 cxd4 12. Nxd4 Nxe3 13. fxe3 Bd7 14. Bf3 Rc8 15. b3 0-0 16. Qe2 Qb6 17. Rad1 Rfd8 18. Nxc6 Bxc6 19. Bxc6 Qxc6 20. Qf3 Rxd1 21. Rxd1 Qc7 22. e4 Bf6 23. Rd3 Be5 24. g3 Rd8 25. Qd1 Rxd3 26. Qxd3 h6 27. Kf1 Qa5 28. Na4 b5 29. cxb5 axb5 30. Nc5 Qxa2 31. Qxb5 Qb1+ 32. Kg2 Bd4 33. b4 Bxc5 34. Qxc5 Qxe4+ 35. Kf2 Qh1 36. h4 Qh2+ 37. Kf3 Qh1+ 38. Kf2 Qh2+ 39. Kf3 Qh1+ 40. Kf2 1/2-1/2

[Event "Hong Kong Jolimark op"]
[Site "Hong Kong"]
[Date "2018.12.26"]
[Round "8"]
[White "Deng, Yu Dong Michael"]
[Black "Jiang, Kate Yuhua"]
[Result "1/2-1/2"]
[WhiteElo "1951"]
[BlackElo "1283"]
[PlyCount "126"]
[EventDate "2018.12.22"]
[EventType "swiss"]
[EventRounds "9"]
[EventCountry "HKG"]
[SourceTitle "CBM 188 Extra"]
[Source "ChessBase"]
[SourceDate "2019.02.26"]
[SourceVersion "1"]
[SourceVersionDate "2019.02.26"]
[SourceQuality "1"]

1. d4 d5 2. c4 c6 3. Nf3 Nf6 4. Nc3 e6 5. Bg5 Nbd7 6. e3 Be7 7. Bd3 dxc4 8. Bxc4 b5 9. Bd3 a6 10. 0-0 Bb7 11. Rc1 Rc8 12. Bxf6 Nxf6 13. Ne4 Qd5 14. Nxf6+ Bxf6 15. a4 0-0 16. Qc2 h6 17. Be4 Qd7 18. Rfd1 a5 19. Ne5 Bxe5 20. dxe5 Qe7 21. Qc5 Qh4 22. Rd4 Qg5 23. Rd7 Qh4 24. Qd4 Kh8 25. Rxb7 Rcd8 26. Qc3 Qxe4 27. axb5 cxb5 28. Rxb5 Rc8 29. Qxc8 Rxc8 30. Rxc8+ Kh7 31. h3 a4 32. Rcb8 h5 33. Ra5 Qb1+ 34. Kh2 Qe4 35. Rba8 Qb4 36. Rxa4 Qxb2 37. Rf4 Qxe5 38. Kg1 f6 39. Rd4 Qb5 40. Rf8 e5 41. Rdd8 Qb1+ 42. Kh2 Qe1 43. Rd7 Qxf2 44. Rff7 h4 45. Rxg7+ Kh8 46. Rh7+ Kg8 47. Rdg7+ Kf8 48. Rg4 Qxe3 49. Rgxh4 e4 50. Rc7 Kg8 51. Rg4+ Kf8 52. Rh4 Kg8 53. Rhh7 Qf4+ 54. Kg1 e3 55. Rhg7+ Kf8 56. Rcf7+ Ke8 57. Ra7 Qf2+ 58. Kh1 Qf1+ 59. Kh2 Qf4+ 60. Kg1 Qf2+ 61. Kh2 Qf4+ 62. Kh1 Qf1+ 63. Kh2 Qf4+ 1/2-1/2

[Event "Langley op"]
[Site "Langley"]
[Date "2018.09.02"]
[Round "4.6"]
[White "Doknjas, Neil"]
[Black "Jiang, Kate Yuhua"]
[Result "0-1"]
[WhiteElo "2039"]
[BlackElo "1694"]
[PlyCount "128"]
[EventDate "2018.09.01"]
[EventType "swiss"]
[EventRounds "6"]
[EventCountry "CAN"]
[SourceTitle "EXT 2022"]
[Source "ChessBase"]
[SourceDate "2021.10.06"]
[SourceVersion "1"]
[SourceVersionDate "2021.10.06"]
[SourceQuality "1"]

1. e4 e5 2. Nf3 Nc6 3. d4 exd4 4. Nxd4 Bc5 5. Be3 Qf6 6. c3 Nge7 7. Bc4 d6 8. 0-0 0-0 9. f4 Be6 10. Be2 Bb6 11. Kh1 Rfe8 12. Qd2 h6 13. Bf3 Rad8 14. g4 Bc4 15. Rg1 Nxd4 16. cxd4 Nc6 17. Rd1 Na5 18. b4 Nc6 19. Na3 Be6 20. f5 Bc8 21. b5 Nb8 22. g5 Qe7 23. gxh6 d5 24. Rg1 Bxf5 25. Rxg7+ Kh8 26. Bg5 Qxa3 27. Bf6 Qxf3+ 28. Kg1 Bxe4 29. Rxf7+ Kg8 30. Rg7+ Kf8 31. Be7+ Rxe7 32. Rf1 Qxf1+ 33. Kxf1 Rxg7 34. hxg7+ Kg8 35. Qh6 Kf7 36. Qf4+ Kg8 37. Qh4 c6 38. Qh8+ Kf7 39. h4 Rg8 40. Qh5+ Bg6 41. Qg4 Rxg7 42. Qf4+ Kg8 43. Qxb8+ Kh7 44. bxc6 bxc6 45. Qe5 Rf7+ 46. Ke2 Bd8 47. Qg3 Bf6 48. Qf4 Re7+ 49. Kd2 Bg7 50. Qd6 Re4 51. Qxc6 Rxd4+ 52. Ke3 Re4+ 53. Kf3 Rxh4 54. Qa6 d4 55. Qxa7 d3 56. Qd7 Rd4 57. Qh3+ Bh6 58. Qh2 Rd7 59. Qh3 Rf7+ 60. Kg3 d2 61. Qh1 Bc2 62. Qd5 Rg7+ 63. Kh4 d1Q 64. Qf5+ Bxf5 0-1

[Event "Langley op"]
[Site "Langley"]
[Date "2018.09.02"]
[Round "3.4"]
[White "Jiang, Kate Yuhua"]
[Black "Bremner, William"]
[Result "1/2-1/2"]
[WhiteElo "1694"]
[BlackElo "2192"]
[PlyCount "128"]
[EventDate "2018.09.01"]
[EventType "swiss"]
[EventRounds "6"]
[EventCountry "CAN"]
[SourceTitle "EXT 2022"]
[Source "ChessBase"]
[SourceDate "2021.10.06"]
[SourceVersion "1"]
[SourceVersionDate "2021.10.06"]
[SourceQuality "1"]

1. e4 c6 2. d4 d5 3. Nc3 dxe4 4. Nxe4 Bf5 5. Ng3 Bg6 6. h4 h6 7. h5 Bh7 8. Nf3 Nd7 9. Bd3 Bxd3 10. Qxd3 e6 11. Bf4 Qa5+ 12. Bd2 Bb4 13. c3 Be7 14. Bf4 Ngf6 15. Ne5 Rd8 16. Qf3 0-0 17. Ne4 Qa6 18. Ng4 Nxe4 19. Qxe4 c5 20. Ne5 Nf6 21. Qe2 Qxe2+ 22. Kxe2 cxd4 23. cxd4 Rxd4 24. Nd3 Rfd8 25. Rad1 R4d5 26. Be5 Ng4 27. Bg3 Bd6 28. Bh4 Rd7 29. f3 Ne5 30. Nc1 Bc5 31. Rxd5 Rxd5 32. Nb3 Bb6 33. Nd2 Nc6 34. g4 f5 35. Nc4 Bc7 36. Bf2 fxg4 37. fxg4 Ne5 38. Ne3 Rb5 39. b3 Bb6 40. Rg1 Rb4 41. g5 hxg5 42. Rxg5 Nf7 43. Rg4 Rxg4 44. Nxg4 Bxf2 45. Nxf2 Ne5 46. Ne4 Nd7 47. Ng5 e5 48. Ke3 Nf6 49. Nf3 Nxh5 50. Nxe5 Nf6 51. Nc4 Nd7 52. Nd6 b6 53. b4 a6 54. a4 Kf8 55. Ke4 Ke7 56. Kd5 g5 57. Nf5+ Kf6 58. Ng3 a5 59. bxa5 bxa5 60. Kc6 Ke6 61. Kb5 Kd5 62. Kxa5 Kc6 63. Kb4 Kb6 64. Kc4 Ka5 1/2-1/2

[Event "CAN-ch U12 Girls"]
[Site "Quebec"]
[Date "2018.07.02"]
[Round "2.97"]
[White "Qian, Jessica"]
[Black "Jiang, Kate Yuhua"]
[Result "0-1"]
[WhiteElo "1257"]
[BlackElo "1612"]
[PlyCount "60"]
[EventDate "2018.07.02"]
[EventType "swiss"]
[EventRounds "7"]
[EventCountry "CAN"]
[SourceTitle "EXT 2022"]
[Source "ChessBase"]
[SourceDate "2021.10.06"]
[SourceVersion "1"]
[SourceVersionDate "2021.10.06"]
[SourceQuality "1"]

1. e4 e5 2. Nf3 Nc6 3. Bc4 Nf6 4. Ng5 d5 5. exd5 Na5 6. Bb5+ c6 7. dxc6 bxc6 8. Be2 h6 9. Nf3 e4 10. Ne5 Bc5 11. c3 0-0 12. d4 exd3 13. Qxd3 Qc7 14. Bf4 Bd6 15. Qg3 Nd5 16. Bxh6 Bxe5 17. f4 Nxf4 18. Bxf4 Bxf4 19. Qf2 Re8 20. g3 Bh6 21. b4 Bg4 22. Kf1 Bxe2+ 23. Kg2 Nc4 24. Re1 Bd3 25. Kh3 Qd7+ 26. g4 Rxe1 27. Qxe1 Re8 28. Qf2 Re3+ 29. Kh4 g5+ 30. Kh5 Rh3+ 0-1

[Event "British Columbia-ch (Women)"]
[Site "Richmond"]
[Date "2018.01.27"]
[Round "3.1"]
[White "Jiang, Kate Yuhua"]
[Black "Talyspaeva, Adel"]
[Result "0-1"]
[WhiteElo "1304"]
[BlackElo "1572"]
[PlyCount "100"]
[EventDate "2018.01.26"]
[EventType "tourn"]
[EventRounds "6"]
[EventCountry "CAN"]
[SourceTitle "EXT 2022"]
[Source "ChessBase"]
[SourceDate "2021.10.06"]
[SourceVersion "1"]
[SourceVersionDate "2021.10.06"]
[SourceQuality "1"]

1. e4 c5 2. c3 Nc6 3. Nf3 d6 4. d4 cxd4 5. cxd4 Nf6 6. Nc3 g6 7. Bc4 Bg7 8. h3 0-0 9. 0-0 a6 10. Bf4 e6 11. Qd2 b5 12. Bb3 b4 13. Ne2 Nxe4 14. Qe3 d5 15. Bh6 Na5 16. Bxg7 Kxg7 17. Bc2 Nc4 18. Qc1 Ncd6 19. Nd2 Nxd2 20. Qxd2 a5 21. Bd3 Ba6 22. Rac1 Qb6 23. Bxa6 Qxa6 24. Nf4 Rac8 25. Nd3 Ne4 26. Qe3 Rxc1 27. Rxc1 Rc8 28. Rxc8 Qxc8 29. f3 Nf6 30. Nc5 Nd7 31. Nxd7 Qxd7 32. Qb3 Qc6 33. Kf2 Qc4 34. Qxc4 dxc4 35. Ke3 Kf6 36. a3 c3 37. Kd3 cxb2 38. Kc2 bxa3 39. Kb1 Kf5 40. g3 Kf6 41. h4 Ke7 42. g4 h5 43. g5 Kd6 44. f4 Kd5 45. Ka2 Kxd4 46. Kb1 Ke4 47. f5 exf5 48. Ka2 f4 49. Kb1 f3 50. Ka2 f2 0-1

[Event "CAN-ch U10 Girls"]
[Site "Sault Ste Marie"]
[Date "2017.07.10"]
[Round "7"]
[White "Jiang, Kate Yuhua"]
[Black "Vozian, Emilia"]
[Result "0-1"]
[WhiteElo "875"]
[BlackElo "1071"]
[PlyCount "134"]
[EventDate "2017.07.06"]
[EventType "swiss"]
[EventRounds "7"]
[EventCountry "CAN"]
[SourceTitle "EXT 2022"]
[Source "ChessBase"]
[SourceDate "2021.10.06"]
[SourceVersion "1"]
[SourceVersionDate "2021.10.06"]
[SourceQuality "1"]

1. e4 e5 2. Nf3 Nc6 3. Bb5 d6 4. d4 Bd7 5. Bxc6 Bxc6 6. d5 Bd7 7. Nc3 Nf6 8. h3 h6 9. Be3 c6 10. Qd3 b5 11. dxc6 Bxc6 12. Nd2 b4 13. Ne2 d5 14. exd5 Bxd5 15. Qb5+ Qd7 16. Qxd7+ Nxd7 17. f3 Bd6 18. Ng3 Be6 19. Nde4 Be7 20. 0-0-0 0-0 21. Rhe1 f5 22. Nf2 f4 23. Bxf4 Rxf4 24. Nd3 Rd4 25. Nxe5 Rxd1+ 26. Kxd1 Nxe5 27. Rxe5 Rd8+ 28. Ke1 Kf7 29. Re4 Bxa2 30. Rf4+ Kg8 31. Nf5 Re8 32. Nxe7+ Rxe7+ 33. Re4 Rxe4+ 34. fxe4 Be6 35. Kd2 Kf7 36. Ke3 Ke7 37. Kd4 Kd6 38. e5+ Kc6 39. h4 a5 40. b3 Bf5 41. Kc4 Bxc2 42. e6 Kd6 43. Kb5 Bxb3 44. Kxa5 Bxe6 45. Kxb4 Ke5 46. Kc5 g5 47. hxg5 hxg5 48. g3 g4 49. Kb4 Ke4 50. Kc3 Kf3 51. Kd2 Kxg3 52. Ke1 Bc4 53. Kd1 Kf2 54. Kd2 g3 55. Kc3 g2 56. Kxc4 g1Q 57. Kd5 Qe1 58. Kc5 Qd2 59. Kc4 Ke3 60. Kc5 Qd4+ 61. Kb5 Qc3 62. Kb6 Kd4 63. Kb5 Qc4+ 64. Ka5 Qb3 65. Ka6 Kc5 66. Ka7 Kc6 67. Ka8 Qb7# 0-1